Parental Words Quiz Stats

 Plays Quiz Updated Mar 24, 2018

Score 0/18 Timer 06:00
0 Plays Today
% Correct
thermometer
96.9%
chemotherapy
96.6%
seismometer
96.5%
godfather
95.8%
smother
95.6%
skedaddle
95%
moment
94.8%
crawdad
94.7%
momentum
94.4%
% Correct
motherboard
94.2%
hispanidad
92.8%
doodad
92.7%
camomile|chamomile
92.5%
mothership
92.1%
dadaism
92%
forefather
91.3%
cardamom
87.4%
hacendado
86.1%

You're not logged in!

Compare scores with friends on all Sporcle quizzes.
OR
Log In

Sporcle TV

Today on Sporcle TV


Watch our educational content, quiz creation guides, and fun videos on Sporcle TV.

Show Comments

Extras

Top Quizzes Today


Score Distribution

Your Account Isn't Verified!

In order to create a playlist on Sporcle, you need to verify the email address you used during registration. Go to your Sporcle Settings to finish the process.

Report this User

Report this user for behavior that violates our Community Guidelines.

Details: